El sentido social: el legado ético del Padre Hurtado.

Saved in:
Bibliografiske detaljer
Hovedforfatter: Mifsud, Tony, S. J. (autor)
Format: Bog
Sprog:engelsk
Udgivet: Santiago, Chile: Universidad Alberto Hurtado; Centro de Espiritualidad Ignaciana, 2005.
Udgivelse:Primera edición.
Fag:
Tags: Tilføj Tag
Ingen Tags, Vær først til at tagge denne postø!

MARC

LEADER 00000nam a22000007a 4500
003 CL-VaPUC
005 20250103100420.0
008 230928t2005 ||||| |||| 00| 0 eng d
999 |c 441877  |d 441875 
040 |c Pontificia Universidad Católica de Valparaíso 
082 |2 22  |a 261.83092 MIF 2005 
100 |9 600778  |a Mifsud, Tony,  |c S. J.  |e autor 
245 |a El sentido social:  |b el legado ético del Padre Hurtado.  
250 |a Primera edición. 
260 |a Santiago, Chile:   |b Universidad Alberto Hurtado;   |b Centro de Espiritualidad Ignaciana,   |c 2005. 
300 |a 188 páginas.  
500 |a c.1 Donación Sr. Jorge Precht Pizarro. 26-05-23. Biblioteca Teología. 
583 |c 20230928  |k Yessy Sthefany Diaz Vidal 
600 0 |9 309962  |a Hurtado Cruchaga, Alberto   |d 1901-1952  |x Pensamiento religioso y social  
650 0 |a Iglesia Católica  |x Aspectos éticos y sociales   |9 256114 
942 |2 ddc  |c BK 
952 |0 0  |1 0  |2 ddc  |4 0  |6 261_830920000000000_MIF_2005  |7 0  |8 A  |9 591740  |a BIBTEO  |b BIBTEO  |d 2023-09-28  |e Donación   |i 5658834  |o 261.83092 MIF 2005  |p 5658834  |r 2025-01-17  |t 1  |w 2023-09-28  |y BK  |k ICR